00821 2200301 4500001002100000005001500021035002000036007000300056008004100059040001600100100002200116245007600138250001000214300003100224020002200255041000800277082001000285084001600295090002100311260003600332650001500368850001000383990002500393990002600418990002500444990002500469990002500494INLIS00000000000258720260601020518 a0010-0320000007ta260601 0  aSBUPADbInd0 aNur Sillaturohmah1 aKisah Islami Pengantar Tidur Terbaik Sepanjang Masa /cNur Slliaturomah aCet.1 a182 hlm. :bilus. ;c24 cm a978-602-317-041-80 aInd a371.1 a371.1 NUR k a371.1 NUR k T5-2 aSurakarta.; :bAl-Qudwah,c2015 4aPendidikan aPUPAD a32.028/APBD/DPK/2019 a32.030//APBD/DPK/2019 a32.031/APBD/DPK/2019 a32.030/APBD/DPK/2019 a32.029/APBD/DPK/2019